000 00512cam a2200193ua 4500
001 6563
008 140312n ii |||gr||||Z||||||eng
040 _cMAIN
082 _a332.1
245 _aPractical banking advances
_cBy H.L. Bedi
250 _a7th ed.
260 _aNew delhi:
_bUSB publishers distributors ltd,
_c1984.
300 _ax,484p.
653 _aFinancial economics
653 _aPractical banking advances
700 _aBedi,H.L.,
_eAuthor.,
700 _aHardikar,V.K.,
_eAuthor.
942 _cBK
999 _c5712
_d5712